Essays on Japanese literature
Сохранить в:
| Главный автор: | |
|---|---|
| Формат: | |
| Язык: | Undetermined |
| Опубликовано: |
Tokyo
Waseda University Press
1977
|
| Предметы: | |
| Метки: |
Добавить метку
Нет меток, Требуется 1-ая метка записи!
|
| Thư viện lưu trữ: | Trung tâm Học liệu Trường Đại học Cần Thơ |
|---|
| LEADER | 00545nam a2200205Ia 4500 | ||
|---|---|---|---|
| 001 | CTU_113487 | ||
| 008 | 210402s9999 xx 000 0 und d | ||
| 020 | |c 425000 | ||
| 082 | |a 895.609 | ||
| 082 | |b T136 | ||
| 100 | |a Takeda, Katsuhiko | ||
| 245 | 0 | |a Essays on Japanese literature | |
| 245 | 0 | |c Katsuhiko Takeda | |
| 260 | |a Tokyo | ||
| 260 | |b Waseda University Press | ||
| 260 | |c 1977 | ||
| 650 | |a Japanese literature | ||
| 650 | |x history and criticism | ||
| 904 | |i Giang | ||
| 980 | |a Trung tâm Học liệu Trường Đại học Cần Thơ | ||